مكتبة جامعة عجلون الوطنية

فهرس بحث المكتبة

Normal view MARC view
  • القضاة

Entry Topical Term

Number of records used in: 1

001 - CONTROL NUMBER

  • control field: 59730

003 - CONTROL NUMBER IDENTIFIER

  • control field: JO-AjAnu

005 - DATE AND TIME OF LATEST TRANSACTION

  • control field: 20230606083751.0

008 - FIXED-LENGTH DATA ELEMENTS

  • fixed length control field: 230606|| aca||aabn | a|a d

040 ## - CATALOGING SOURCE

  • Original cataloging agency: JO-AjAnu
  • Transcribing agency: JO-AjAnu

150 ## - HEADING--TOPICAL TERM

  • Topical term or geographic name entry element: القضاة

670 ## - SOURCE DATA FOUND

  • Source citation: Work cat.: (JO-AjAnu)30461: إعداد الراوي،إبراهيم رياض ابراهيم؛ إشراف منتصر القضاة , author 59729, مدى سلطة القاتضي في استكمال العقد"دراسة مقارنة"= The Extent of the Judges Authority in the to Accomplishment of the Contract "A comparative Study"